| 000 | 00498nam a2200169 i 4500 | ||
|---|---|---|---|
| 001 | 100873 | ||
| 003 | ES-MaACL | ||
| 005 | 20230906182758.0 | ||
| 007 | t| | ||
| 008 | 051006s1970 sp ||||1| spa d | ||
| 100 | 1 |
_aMathelot, Pierre. _979014 |
|
| 245 | 1 | 3 |
_aLa informática / _cPierre Mathelot; [traducción: Francisco Asensio]. |
| 260 |
_aBarcelona : _bRedondo, _c1970. |
||
| 300 |
_a132 p. : _bil. ; _c18 cm. |
||
| 700 | 1 |
_aAsensio, Francisco. _923581 |
|
| 852 |
_aES-MaACL _jC-40414 _bR.75564 |
||
| 999 |
_c100873 _d100873 |
||